Knight Frank market insight survey (Record no. 81690)

MARC details
000 -LEADER
fixed length control field 01205cad a22002295a 4500
001 - CONTROL NUMBER
control field L147976
008 - FIXED-LENGTH DATA ELEMENTS--GENERAL INFORMATION
fixed length control field 090708s20090620xxkd f s 000 0 eng d
035 ## - SYSTEM CONTROL NUMBER
System control number (Sirsi) u147976
041 0# - LANGUAGE CODE
Language code of text/sound track or separate title eng
110 2# - MAIN ENTRY--CORPORATE NAME
Corporate name or jurisdiction name as entry element Knight Frank
9 (RLIN) 1530
245 00 - TITLE STATEMENT
Title Knight Frank market insight survey
Remainder of title wealth taxes and the prime London residential market
Medium [electronic resource]
260 ## - PUBLICATION, DISTRIBUTION, ETC.
Date of publication, distribution, etc. 2009
490 #0 - SERIES STATEMENT
Series statement Knight Frank Market Insight Survey
Volume/sequential designation (09pr292), 20 June 2009
520 ## - SUMMARY, ETC.
Summary, etc. Examines the behaviour of wealthy individuals following the changes in the UK's tax regime and the impact on the prime residential market in London. Finds that 7% of non-domiciled residents and 2% of High Net Worth Individuals have relocated from the UK due to the changes in taxes and more are considering future relocation away from the UK.
521 ## - TARGET AUDIENCE NOTE
Target audience note Advanced
590 ## - LOCAL NOTE (RLIN)
Local note KA NTK
650 24 - SUBJECT ADDED ENTRY--TOPICAL TERM
Topical term or geographic name entry element KNIGHT FRANK MARKET INSIGHT SURVEY
651 #4 - SUBJECT ADDED ENTRY--GEOGRAPHIC NAME
Geographic name United Kingdom
Chronological subdivision
690 ## - LOCAL SUBJECT ADDED ENTRY--TOPICAL TERM (OCLC, RLIN)
Topical term or geographic name as entry element PROPERTY-RESIDENTIAL PROPERTY-RESIDENTIAL PROPERTY MARKET
856 40 - ELECTRONIC LOCATION AND ACCESS
Uniform Resource Identifier <a href="https://resources.knightfrank.com/GetNewsResource.ashx?Id=e95d435d-365f-435b-a497-343b55dc1a1c&type=1">https://resources.knightfrank.com/GetNewsResource.ashx?Id=e95d435d-365f-435b-a497-343b55dc1a1c&type=1</a>
Public note View the news release free of charge at www.knightfrank.com...
942 ## - ADDED ENTRY ELEMENTS (KOHA)
Suppress in OPAC 0
Holdings
Withdrawn status Lost status Source of classification or shelving scheme Damaged status Not for loan Home library Current library Shelving location Date acquired Total Checkouts Full call number Barcode Date last seen Copy number Price effective from Koha item type
    Dewey Decimal Classification     Virtual Virtual Online 08/07/2009   ONLINE PUBLICATION 147976-1001 06/08/2019 1 06/08/2019 Journal article